[Event "ch-RUS Rapid Women"]
[Site "Olginka RUS"]
[Date "2011.04.25"]
[Round "1"]
[White "Galliamova, Alisa"]
[Black "Tomilova, Elena"]
[Result "1/2-1/2"]
[WhiteTitle "IM"]
[BlackTitle "WIM"]
[WhiteElo "2497"]
[BlackElo "2315"]
[WhiteFideId "4129725"]
[BlackFideId "4162340"]
[EventDate "2011.04.25"]

1. d4 Nf6 2. c4 g6 3. g3 Bg7 4. Bg2 O-O 5. e4 d6 6. Nc3 Nbd7 7. Nf3 e5 8. O-O c6
9. Re1 exd4 10. Nxd4 Re8 11. h3 Qb6 12. Nb3 Ne5 13. c5 dxc5 14. Be3 Nfd7 15. Na4
Qc7 16. Naxc5 Nxc5 17. Bxc5 Rd8 18. Qc2 Nd3 19. Reb1 Nxc5 20. Nxc5 b6 21. Nb3
Be6 22. Rd1 c5 23. a4 Rxd1+ 24. Rxd1 Rd8 25. Rxd8+ Qxd8 26. Nd2 h5 27. b3 Qd4
28. Nc4 Bf6 29. Kh2 h4 30. Qe2 Bg5 31. f4 hxg3+ 32. Kxg3 Qc3+ 33. Qe3 Qxe3+ 34.
Nxe3 1/2-1/2

[Event "ch-RUS Rapid Women"]
[Site "Olginka RUS"]
[Date "2011.04.25"]
[Round "1"]
[White "Ambartsumova, Karina"]
[Black "Gunina, Valentina"]
[Result "0-1"]
[WhiteTitle "WIM"]
[BlackTitle "WGM"]
[WhiteElo "2308"]
[BlackElo "2472"]
[WhiteFideId "4166299"]
[BlackFideId "4167570"]
[EventDate "2011.04.25"]

1. e4 c6 2. d4 d5 3. exd5 cxd5 4. c4 Nf6 5. Nc3 g6 6. Nf3 Bg7 7. Be3 O-O 8. Be2
Nc6 9. O-O b6 10. Qa4 Bb7 11. Rfd1 Qd6 12. c5 Qc7 13. b4 a6 14. Qb3 Rfd8 15.
cxb6 Qxb6 16. Na4 Qc7 17. Nc5 Ng4 18. Rac1 Nxe3 19. Qxe3 Qb6 20. a3 e6 21. Rc2
Ne7 22. Qf4 Bc6 23. Rdc1 Be8 24. Ne5 Nf5 25. g4 Nd6 26. h4 a5 27. h5 gxh5 28.
gxh5 Nf5 29. Bd3 Bh6 30. Qg4+ Ng7 31. Rb1 f6 32. Nf3 Bxh5 33. Qh3 Bf4 34. Kh1 h6
35. Rg1 Bg5 36. Nxg5 hxg5 37. f4 Kf7 38. Qe3 Rh8 39. Kg2 Bg4 40. fxg5 Qd6 41.
Qg3 Qxg3+ 42. Kxg3 Bf5 43. gxf6 Kxf6 44. Rh2 Rxh2 45. Kxh2 Bxd3 46. Nxd3 Nf5 47.
Rf1 axb4 48. axb4 Ra2+ 49. Kg1 Rd2 50. Nc5 Ke7 51. Rb1 Nxd4 52. b5 Nf3+ 53. Kf1
Rc2 54. Nb3 Rh2 55. Rc1 Nd2+ 56. Nxd2 Rh1+ 57. Ke2 Rxc1 58. Kd3 Rc5 59. Kd4 Rxb5
60. Nb1 0-1

[Event "ch-RUS Rapid Women"]
[Site "Olginka RUS"]
[Date "2011.04.25"]
[Round "1"]
[White "Pogonina, Natalija"]
[Black "Fominykh, Maria"]
[Result "1-0"]
[WhiteTitle "WGM"]
[BlackTitle "WIM"]
[WhiteElo "2446"]
[BlackElo "2303"]
[WhiteFideId "4147855"]
[BlackFideId "4142411"]
[EventDate "2011.04.25"]

1. e4 d6 2. d4 Nf6 3. f3 c6 4. Be3 e5 5. Ne2 Be7 6. c4 a6 7. Ng3 Qa5+ 8. Nc3 b5
9. a3 bxc4 10. Bxc4 exd4 11. Qxd4 O-O 12. O-O Be6 13. Rfd1 Rd8 14. b4 Qc7 15.
Bf1 Nbd7 16. Rac1 Qb7 17. Nf5 Bxf5 18. exf5 d5 19. Na4 a5 20. Nc5 Nxc5 21. bxc5
Nd7 22. Qc3 a4 23. Bd4 Bf6 24. Bxf6 Nxf6 25. Rb1 Qd7 26. Bd3 d4 27. Qc4 h5 28.
Bc2 Qd5 29. Rb4 Qe5 30. Rb7 Rd5 31. Bxa4 Ra5 32. Bxc6 Raxc5 33. Bxd5 Rxd5 34.
Qc7 Qe3+ 35. Kh1 Rd7 36. Qc8+ 1-0

[Event "ch-RUS Rapid Women"]
[Site "Olginka RUS"]
[Date "2011.04.25"]
[Round "1"]
[White "Zaiatz, Elena"]
[Black "Novikova, Anna"]
[Result "0-1"]
[WhiteTitle "IM"]
[BlackTitle "WIM"]
[WhiteElo "2426"]
[BlackElo "2240"]
[WhiteFideId "4139518"]
[BlackFideId "4146794"]
[EventDate "2011.04.25"]

1. d4 d5 2. c4 e6 3. Nc3 c6 4. e4 dxe4 5. Nxe4 Bb4+ 6. Bd2 Qxd4 7. Bxb4 Qxe4+ 8.
Be2 Ne7 9. Qd2 Ng6 10. Bd6 f6 11. f3 Qh4+ 12. g3 Qh6 13. f4 Kf7 14. Nf3 Rd8 15.
c5 Na6 16. Qc3 Ne7 17. Bxe7 Kxe7 18. Bxa6 bxa6 19. O-O Rd5 20. Rfe1 Qh5 21. Nd4
Rxc5 22. Qa3 Kf7 23. f5 Rxf5 24. Nxf5 Qxf5 25. Qd6 Qb5 26. Rac1 Qb6+ 27. Kh1 c5
28. Qxc5 Bb7+ 29. Kg1 Bd5 30. b3 Rd8 31. Qxb6 axb6 32. Rc7+ Kg6 33. Rd1 Rg8 34.
Kf2 Kf5 35. Ke3 Ke5 36. Ra7 a5 37. Rc1 g5 38. Rxh7 f5 39. Kf2 a4 40. bxa4 Ra8
41. h4 gxh4 42. Rxh4 Be4 43. a3 Rxa4 44. Rc3 b5 45. Rb3 Kd4 46. Rh6 Bd5 47. Rh4+
Be4 48. Rh8 Bd5 49. Re3 b4 50. axb4 Rxb4 51. Rxe6 Bxe6 52. Re8 Bd5 53. Re7 Rb2+
54. Ke1 Be4 55. Re5 Kxe5 0-1

[Event "ch-RUS Rapid Women"]
[Site "Olginka RUS"]
[Date "2011.04.25"]
[Round "1"]
[White "Bodnaruk, Anastasia"]
[Black "Sukhareva, Evgeniya"]
[Result "0-1"]
[WhiteTitle "IM"]
[WhiteElo "2423"]
[BlackElo "2180"]
[WhiteFideId "4181751"]
[BlackFideId "4167155"]
[EventDate "2011.04.25"]

1. e4 c5 2. Nc3 e6 3. Nge2 a6 4. g3 b6 5. Bg2 Bb7 6. O-O d6 7. d4 cxd4 8. Nxd4
Nf6 9. Re1 e5 10. Nf5 g6 11. Nh6 Be7 12. Be3 Nbd7 13. h4 Qc7 14. Bg5 Rf8 15. Ng4
h5 16. Nxf6+ Bxf6 17. Bh6 Rh8 18. Be3 Kf8 19. Nd5 Bxd5 20. exd5 Kg7 21. Qd2 Rac8
22. c3 Rhe8 23. f3 Nc5 24. Re2 Kh7 25. Bf2 Bg7 26. Rae1 f5 27. Kh1 Rf8 28. Bh3
Qb7 29. Be3 Rc7 30. Kh2 e4 31. Bxc5 Rxc5 32. fxe4 fxe4 33. Be6 Bh6 34. Qd4 e3
35. Rxe3 Bxe3 36. Qxe3 Qg7 37. Kg2 Qf6 38. Qe2 b5 39. Rc1 Kg7 40. Re1 a5 41. Rc1
Qe5 42. Qxe5+ dxe5 43. Re1 Kf6 44. Rf1+ Kg7 45. Re1 b4 46. Re3 bxc3 47. bxc3 Rb8
48. a4 Rb2+ 49. Kf3 Kf6 50. Bg8 Rc2 51. d6 R2xc3 52. d7 Rxe3+ 53. Kxe3 Ke7 54.
Be6 Rc3+ 55. Ke4 Rxg3 56. Kxe5 Ra3 57. Bf7 Rxa4 58. Bxg6 Rxh4 59. Bf5 a4 60. Be6
Rh1 61. Bc4 a3 62. Kd4 Rh4+ 63. Kd3 Rxc4 0-1

[Event "ch-RUS Rapid Women"]
[Site "Olginka RUS"]
[Date "2011.04.25"]
[Round "1"]
[White "Kovanova, Baira"]
[Black "Semenova, Elena"]
[Result "1-0"]
[WhiteTitle "WGM"]
[BlackTitle "WFM"]
[WhiteElo "2376"]
[BlackElo "2170"]
[WhiteFideId "4164083"]
[BlackFideId "24125148"]
[EventDate "2011.04.25"]

1. e4 e5 2. Nf3 Nf6 3. Nxe5 d6 4. Nf3 Nxe4 5. d4 d5 6. Bd3 Bd6 7. O-O O-O 8. c4
c6 9. Nc3 Nxc3 10. bxc3 dxc4 11. Bxc4 Bf5 12. h3 Nd7 13. Bb3 h6 14. Bb2 Nb6 15.
c4 Bc7 16. Re1 a5 17. a4 Nd7 18. Qd2 Nf6 19. Ne5 Be6 20. Rad1 Bxe5 21. Rxe5 Nd7
22. Re3 Bf5 23. Rg3 Bg6 24. d5 c5 25. Bc2 Qb6 26. Bc3 Qd6 27. f4 Nf6 28. Be5 Qe7
29. Bxg6 fxg6 30. Rxg6 Rf7 31. Re1 Re8 32. f5 Nd7 33. Re6 Qd8 34. Bd6 Rxe6 35.
fxe6 1-0

[Event "ch-RUS Rapid Women"]
[Site "Olginka RUS"]
[Date "2011.04.25"]
[Round "1"]
[White "Sukhareva, Valentina"]
[Black "Vasilevich, Irina"]
[Result "0-1"]
[BlackTitle "IM"]
[WhiteElo "1936"]
[BlackElo "2324"]
[WhiteFideId "4162331"]
[BlackFideId "4141296"]
[EventDate "2011.04.25"]

1. d4 e6 2. Nf3 c5 3. e3 Nf6 4. b3 b6 5. Bb2 Bb7 6. c4 Be7 7. Nc3 cxd4 8. exd4
d6 9. Bd3 O-O 10. Qe2 Nbd7 11. O-O-O d5 12. Kb1 a5 13. Ne5 Bb4 14. a3 Be7 15. g4
dxc4 16. Bxc4 Bxh1 17. Rxh1 Nxe5 18. dxe5 Nd7 19. f4 Qc7 20. Re1 Nc5 21. f5 Bh4
22. Nb5 Qc6 23. Nd4 Qb7 24. Rf1 Qe4+ 25. Ka2 Qxe2 26. Nxe2 Rfe8 27. Nd4 Bg5 28.
Nb5 Re7 29. Rd1 h5 30. f6 Rd7 31. Nd6 gxf6 32. gxh5 Kh7 33. Rg1 Bh6 34. Rf1 fxe5
35. Nxf7 e4 36. h4 e3 37. Ng5+ Kg8 38. Nxe6 Kh7 39. Ng5+ Bxg5 40. hxg5 Re8 41.
b4 axb4 42. axb4 Ne4 43. Bb5 Ra7+ 44. Kb1 Nd2+ 45. Kc2 Rc8+ 46. Kd1 Nxf1 47.
Bxf1 Rd8+ 48. Kc2 Rd2+ 49. Kc3 Ra8 50. Bc1 0-1

[Event "ch-RUS Rapid Women"]
[Site "0:15:00"]
[Date "2011.04.25"]
[Round "2"]
[White "Vasilevich, Irina"]
[Black "Pogonina, Natalija"]
[Result "0-1"]
[WhiteTitle "IM"]
[BlackTitle "WGM"]
[WhiteElo "2324"]
[BlackElo "2446"]
[WhiteFideId "4141296"]
[BlackFideId "4147855"]
[EventDate "2011.04.25"]

1. e4 e5 2. Nf3 Nc6 3. Bb5 a6 4. Ba4 Nf6 5. d3 b5 6. Bb3 Be7 7. c3 O-O 8. Nbd2
Bb7 9. Qe2 Re8 10. Nf1 d5 11. Ng3 Na5 12. Bc2 Bf8 13. Bg5 h6 14. Bxf6 Qxf6 15.
b4 Nc6 16. exd5 Ne7 17. Ne4 Qb6 18. Nxe5 Nxd5 19. d4 Nxc3 20. Qf3 Bxe4 21. Qxf7+
Kh8 22. Bb3 Bd6 23. O-O Bxe5 24. dxe5 Rxe5 25. Rae1 Rae8 26. Re3 Bg6 27. Qf4
Ne2+ 0-1

[Event "ch-RUS Rapid Women"]
[Site "0:15:00"]
[Date "2011.04.25"]
[Round "2"]
[White "Girya, Olga"]
[Black "Novikova, Anna"]
[Result "1-0"]
[WhiteTitle "WGM"]
[BlackTitle "WIM"]
[WhiteElo "2425"]
[BlackElo "2240"]
[WhiteFideId "4195752"]
[BlackFideId "4146794"]
[EventDate "2011.04.25"]

1. d4 d5 2. c4 e6 3. Nf3 c6 4. Nc3 Nf6 5. Bg5 dxc4 6. e4 b5 7. e5 h6 8. Bh4 g5
9. Nxg5 hxg5 10. Bxg5 Nbd7 11. exf6 Qb6 12. g3 Bb7 13. Bg2 O-O-O 14. O-O c5 15.
d5 b4 16. Rb1 Qa6 17. dxe6 Bxg2 18. e7 Qc6 19. Nb5 Qxb5 20. exd8=Q+ Kxd8 21.
Kxg2 Qc6+ 22. f3 Kc8 23. Qe2 Bd6 24. Qxc4 Ne5 25. Qe4 Qd7 26. h4 Kc7 27. Rbd1
Ng6 28. Rf2 Qc6 29. Qxc6+ Kxc6 30. f4 c4 31. Rc2 Bc5 32. Rxc4 Kb5 33. b3 Bb6 34.
Rd5+ Ka6 35. f5 1-0

[Event "ch-RUS Rapid Women"]
[Site "0:15:00"]
[Date "2011.04.25"]
[Round "2"]
[White "Tomilova, Elena"]
[Black "Gubernatorova, Lyudmila"]
[Result "0-1"]
[WhiteTitle "WIM"]
[WhiteElo "2315"]
[BlackElo "2266"]
[WhiteFideId "4162340"]
[BlackFideId "4123840"]
[EventDate "2011.04.25"]

1. d4 Nf6 2. Nf3 c5 3. d5 e6 4. Nc3 exd5 5. Nxd5 Nxd5 6. Qxd5 Be7 7. e4 Nc6 8.
Bc4 O-O 9. Ng5 Qe8 10. O-O d6 11. Qd3 Ne5 12. Qe2 h6 13. Nf3 Bg4 14. Bd5 Qc8 15.
Bf4 Bxf3 16. gxf3 Qh3 17. Bg3 Kh8 18. Kh1 Qh5 19. Bxe5 dxe5 20. Rg1 Rad8 21. Rg2
Bg5 22. c4 Bf4 23. Rag1 Rd6 24. a4 Rg6 25. Qd3 Rg5 26. Bxb7 Qh4 27. Qd6 Rg8 28.
Rg3 Rh5 29. R1g2 Rd8 30. Rxg7 Qxh2+ 31. Rxh2 Rxh2+ 32. Kg1 Rxd6 33. Rg8+ Kxg8 0-1

[Event "ch-RUS Rapid Women"]
[Site "Olginka RUS"]
[Date "2011.04.25"]
[Round "2"]
[White "Turova, Irina"]
[Black "Zaiatz, Elena"]
[Result "0-1"]
[WhiteTitle "IM"]
[BlackTitle "IM"]
[WhiteElo "2428"]
[BlackElo "2426"]
[WhiteFideId "4120876"]
[BlackFideId "4139518"]
[EventDate "2011.04.25"]

1. d4 Nf6 2. c4 e6 3. Nf3 d5 4. Nc3 dxc4 5. e4 Bb4 6. Bg5 c5 7. e5 cxd4 8. Qa4+
Nc6 9. O-O-O Bd7 10. Ne4 Be7 11. exf6 gxf6 12. Bh4 e5 13. Bxc4 O-O 14. Kb1 Rc8
15. Rc1 Nb4 16. Bb5 Bf5 17. Nd2 Rxc1+ 18. Rxc1 a6 19. Be2 b5 20. Qb3 d3 21. a3
dxe2 22. Qg3+ Kh8 23. Ka1 e1=Q 24. Rxe1 Nc2+ 25. Ka2 Nxe1 26. Qe3 Qd5+ 27. b3
Nxg2 28. Qh6 Nxh4 29. Nxf6 Qc6 0-1

[Event "ch-RUS Rapid Women"]
[Site "Olginka RUS"]
[Date "2011.04.25"]
[Round "2"]
[White "Kabanova, Ekaterina"]
[Black "Bodnaruk, Anastasia"]
[Result "1-0"]
[WhiteTitle "WFM"]
[BlackTitle "IM"]
[WhiteElo "2190"]
[BlackElo "2423"]
[WhiteFideId "24112917"]
[BlackFideId "4181751"]
[EventDate "2011.04.25"]

1. c4 g6 2. e3 Bg7 3. Nf3 d6 4. Be2 Nf6 5. O-O O-O 6. Qc2 Nbd7 7. a3 e5 8. d3 b6
9. Nbd2 Bb7 10. Rb1 Ne8 11. b4 c5 12. Bb2 Qe7 13. Rfe1 f5 14. h3 Nc7 15. Nh2
Rae8 16. bxc5 dxc5 17. a4 e4 18. dxe4 fxe4 19. a5 h5 20. axb6 axb6 21. Ra1 Na6
22. Bxg7 Qxg7 23. Rxa6 Bxa6 24. Nxe4 Ne5 25. f4 Nc6 26. Nf3 Bc8 27. Nfg5 Bf5 28.
g4 hxg4 29. hxg4 Nd4 30. Qd3 Nxe2+ 31. Rxe2 Qa1+ 32. Kf2 Rd8 33. Qb3 Rd1 34.
gxf5 Rf1+ 35. Kg3 Rg1+ 36. Rg2 Re8 37. Qc2 Rc1 38. Qb2 Rd8 39. Qxa1 Rxa1 40. f6
Rd3 41. f7+ Kf8 42. Nf6 Rxe3+ 43. Kg4 Kg7 44. Nd7 Ra8 45. Rh2 1-0

[Event "ch-RUS Rapid Women"]
[Site "Olginka RUS"]
[Date "2011.04.25"]
[Round "2"]
[White "Fominykh, Maria"]
[Black "Sukhareva, Valentina"]
[Result "1-0"]
[WhiteTitle "WIM"]
[WhiteElo "2303"]
[BlackElo "1936"]
[WhiteFideId "4142411"]
[BlackFideId "4162331"]
[EventDate "2011.04.25"]

1. d4 f5 2. g3 Nf6 3. Bg2 e6 4. c4 c5 5. d5 e5 6. Nc3 d6 7. e4 g6 8. Bg5 Bg7 9.
exf5 Bxf5 10. h3 O-O 11. g4 Bd7 12. Qd2 Rf7 13. Nge2 Na6 14. Ng3 Qf8 15. a3 Nc7
16. b4 b6 17. O-O Rb8 18. Rab1 b5 19. bxc5 dxc5 20. d6 Ne6 21. cxb5 Nd4 22. Bxf6
Rxf6 23. Nce4 Rf3 24. a4 Ra3 25. Nxc5 Qxd6 26. Qb4 Rc3 27. Nxd7 Qxd7 28. Qxc3
Qd8 1-0

[Event "ch-RUS Rapid Women"]
[Site "Olginka RUS"]
[Date "2011.04.25"]
[Round "3"]
[White "Pogonina, Natalija"]
[Black "Sukhareva, Evgeniya"]
[Result "1/2-1/2"]
[WhiteTitle "WGM"]
[WhiteElo "2446"]
[BlackElo "2180"]
[WhiteFideId "4147855"]
[BlackFideId "4167155"]
[EventDate "2011.04.25"]

1. e4 c5 2. Nf3 e6 3. d4 cxd4 4. Nxd4 a6 5. Nb3 Qc7 6. Bd3 Nf6 7. O-O d6 8. Nc3
Be7 9. f4 b6 10. Bd2 Bb7 11. Qf3 Nbd7 12. Kh1 O-O 13. Qh3 g6 14. Rae1 e5 15. f5
d5 16. exd5 Nxd5 17. fxg6 hxg6 18. Bxg6 fxg6 19. Qe6+ Kg7 20. Nxd5 Bxd5 21.
Qxe7+ Rf7 22. Rxf7+ Bxf7 23. Bc3 Qd8 24. Bxe5+ Nxe5 25. Qxe5+ Qf6 26. Qxf6+ Kxf6
27. Nd4 Rd8 28. c3 Bxa2 29. Kg1 Bc4 30. Kf2 Rc8 31. h4 Rc5 32. g4 Ra5 33. g5+
Kf7 34. Ke3 Re5+ 35. Kd2 Rxe1 36. Kxe1 Ke7 37. Kd2 Kd6 38. Ke3 Ke5 39. Nf3+ Kf5
40. Kd4 Bf7 41. Ne5 Be6 42. Nc6 Bf7 43. Ne7+ Kf4 44. Nc8 b5 45. Nd6 Bb3 46. Nb7
Bc2 47. Nc5 a5 48. Nb7 a4 49. Nd6 Kg4 50. Ke5 Kxh4 51. Kf6 Bd3 52. Nf7 Kh5 53.
Ne5 Be4 54. Nd7 Bd3 55. Nc5 Bf5 56. Na6 Bd3 57. Nc7 Bc4 58. Ne8 Bd3 59. Ng7+ Kg4
60. Ne6 Bf5 61. Nc7 Bd3 62. Nd5 Bb1 63. Ne7 Kh5 64. Nc8 Bd3 65. Nd6 Kg4 66. Nf7
Kh5 67. Ne5 Be4 68. Nf7 Bb1 69. Nd8 Bd3 70. Nc6 Be4 71. Ne5 Bb1 1/2-1/2

[Event "ch-RUS Rapid Women"]
[Site "Olginka RUS"]
[Date "2011.04.25"]
[Round "3"]
[White "Gubernatorova, Lyudmila"]
[Black "Gunina, Valentina"]
[Result "0-1"]
[BlackTitle "WGM"]
[WhiteElo "2266"]
[BlackElo "2472"]
[WhiteFideId "4123840"]
[BlackFideId "4167570"]
[EventDate "2011.04.25"]

1. d4 d5 2. c4 c6 3. Nf3 Nf6 4. Nc3 dxc4 5. e4 b5 6. e5 Nd5 7. a4 b4 8. Ne4 Bf5
9. Ng3 Bg6 10. Bxc4 e6 11. Bg5 Be7 12. Bxe7 Qxe7 13. a5 O-O 14. O-O Rd8 15. Qe2
c5 16. Bxd5 Rxd5 17. dxc5 Nc6 18. Rfd1 Rxc5 19. Ne4 Bxe4 20. Qxe4 Rc8 21. h4 h6
22. a6 Qc7 23. Re1 Rd8 24. Re2 Rdd5 25. Rae1 Qb6 26. Qf4 Qxa6 27. Re4 Rc2 28.
Qg3 Rc4 29. b3 Rxe4 30. Rxe4 Nd4 31. Kh2 Nxf3+ 32. gxf3 Qf1 33. Rg4 g5 34. hxg5
h5 35. Qg1 Qxg1+ 36. Rxg1 Rxe5 37. f4 Rd5 38. Ra1 a5 39. Kg3 Kg7 40. f3 Kg6 41.
Rc1 Rd3 42. Rc5 h4+ 43. Kxh4 Rxf3 44. Kg4 Rxb3 45. Rxa5 Rb1 46. Rb5 b3 47. Rb6
Kg7 48. f5 b2 49. Kg3 0-1

[Event "ch-RUS Rapid Women"]
[Site "Olginka RUS"]
[Date "2011.04.25"]
[Round "3"]
[White "Zaiatz, Elena"]
[Black "Fominykh, Maria"]
[Result "1-0"]
[WhiteTitle "IM"]
[BlackTitle "WIM"]
[WhiteElo "2426"]
[BlackElo "2303"]
[WhiteFideId "4139518"]
[BlackFideId "4142411"]
[EventDate "2011.04.25"]

1. d4 d6 2. e4 g6 3. c4 Bg7 4. Nc3 Nd7 5. h4 e5 6. d5 Ngf6 7. g4 Nc5 8. f3 h5 9.
g5 Ng8 10. b4 Na6 11. Rb1 c5 12. dxc6 bxc6 13. Be3 Ne7 14. c5 d5 15. exd5 cxd5
16. Bxa6 Bxa6 17. Qa4+ Kf8 18. Qxa6 d4 19. Rd1 Qb8 20. Bd2 dxc3 21. Bxc3 Kg8 22.
Rd7 Nf5 23. Ne2 Nd4 24. Qc4 Qe8 25. Qd5 Nf5 26. c6 Ne7 27. Qc5 Nc8 28. O-O Kh7
29. Rfd1 Nb6 30. Re7 Qc8 31. Bxe5 Rf8 32. Bxg7 Kxg7 33. Qe5+ Kg8 34. Qf6 Qa6 35.
Nf4 Qa4 36. Qd4 Qxc6 37. Ne6 fxe6 38. Qe4 Qd6 39. Rxd6 Rae8 40. Rg7+ Kxg7 41.
Rxe6 Rxe6 42. Qxe6 Rf7 43. Kg2 Rb7 44. a4 Rf7 45. a5 Nd7 46. f4 Nf8 47. Qe5+ Kh7
48. b5 Kg8 49. Kg3 Nd7 50. Qd6 Nf8 51. b6 axb6 52. axb6 Rd7 53. Qc6 Rg7 54. b7
Nd7 55. f5 gxf5 56. Kf4 Re7 57. Qxd7 Rxd7 58. b8=Q+ Kh7 59. Qe8 Rd4+ 60. Kxf5
Rd5+ 61. Ke4 Rd1 62. Qxh5+ 1-0

[Event "ch-RUS Rapid Women"]
[Site "Olginka RUS"]
[Date "2011.04.25"]
[Round "3"]
[White "Novikova, Anna"]
[Black "Vasilevich, Irina"]
[Result "0-1"]
[WhiteTitle "WIM"]
[BlackTitle "IM"]
[WhiteElo "2240"]
[BlackElo "2324"]
[WhiteFideId "4146794"]
[BlackFideId "4141296"]
[EventDate "2011.04.25"]

1. e4 c5 2. c3 d5 3. exd5 Qxd5 4. d4 e6 5. Nf3 Nf6 6. Be3 cxd4 7. cxd4 Nc6 8.
Nc3 Qd6 9. a3 Be7 10. Bd3 O-O 11. O-O b6 12. Bc2 Bb7 13. Qd3 Rfd8 14. Rad1 Rac8
15. Rfe1 g6 16. Bg5 Na5 17. Ne5 Bd5 18. Bf4 Bc4 19. Qh3 Nh5 20. Nxg6 Nxf4 21.
Nxf4 f5 22. Qg3+ Kh8 23. Nh5 Qxg3 24. hxg3 Bg5 25. f4 Bh6 26. d5 exd5 27. Bxf5
Rc7 28. Nxd5 Rc5 29. b4 Rcxd5 30. Rxd5 Bxd5 31. bxa5 Bf7 32. Re7 Bg6 33. Bxg6
hxg6 34. Nf6 Bg7 35. Ng4 bxa5 36. Ne5 Rd1+ 37. Kh2 Kh7 38. Rxa7 Rd5 39. Nf7 Rh5+
40. Kg1 Bd4+ 0-1

[Event "ch-RUS Rapid Women"]
[Site "Olginka RUS"]
[Date "2011.04.25"]
[Round "3"]
[White "Galliamova, Alisa"]
[Black "Shaydullina, Sandugach"]
[Result "1/2-1/2"]
[WhiteTitle "IM"]
[BlackTitle "WGM"]
[WhiteElo "2497"]
[BlackElo "2178"]
[WhiteFideId "4129725"]
[BlackFideId "4140389"]
[EventDate "2011.04.25"]

1. d4 d5 2. c4 e6 3. Nf3 Nf6 4. e3 c5 5. a3 a6 6. dxc5 Bxc5 7. b4 Be7 8. Bb2 O-O
9. Nc3 dxc4 10. Qxd8 Rxd8 11. Bxc4 b5 12. Bb3 Bb7 13. Ke2 a5 14. Rhd1 axb4 15.
Rxd8+ Bxd8 16. Rd1 Nc6 17. axb4 Nxb4 18. Nxb5 Ba6 19. Bc4 Be7 20. Ne5 Rc8 21.
Nd6 Bxd6 22. Rxd6 Bxc4+ 23. Nxc4 Ne8 24. Rd4 f6 25. Nd2 Nd5 1/2-1/2

[Event "ch-RUS Rapid Women"]
[Site "Olginka RUS"]
[Date "2011.04.25"]
[Round "3"]
[White "Kashlinskaya, Alina"]
[Black "Turova, Irina"]
[Result "0-1"]
[WhiteTitle "WGM"]
[BlackTitle "IM"]
[WhiteElo "2320"]
[BlackElo "2428"]
[WhiteFideId "4198026"]
[BlackFideId "4120876"]
[EventDate "2011.04.25"]

1. d4 Nf6 2. c4 e6 3. Nc3 Bb4 4. e3 O-O 5. Bd3 c5 6. Nf3 d5 7. O-O Nc6 8. a3 Ba5
9. Ne2 dxc4 10. Bxc4 cxd4 11. exd4 h6 12. b4 Bc7 13. Bb2 Ne7 14. Nc1 b6 15. Nd3
Bb7 16. Nde5 Nfd5 17. Qd2 Qd6 18. Rfe1 a6 19. Rac1 b5 20. Ba2 a5 21. Bb1 axb4
22. axb4 Nf5 23. Rc5 f6 24. Ng6 Rfe8 25. Rxb5 Nb6 26. Nf4 Bxf3 27. gxf3 Nc4 0-1

[Event "ch-RUS Rapid Women"]
[Site "Olginka RUS"]
[Date "2011.04.25"]
[Round "3"]
[White "Bodnaruk, Anastasia"]
[Black "Tomilova, Elena"]
[Result "1-0"]
[WhiteTitle "IM"]
[BlackTitle "WIM"]
[WhiteElo "2423"]
[BlackElo "2315"]
[WhiteFideId "4181751"]
[BlackFideId "4162340"]
[EventDate "2011.04.25"]

1. e4 d5 2. exd5 Qxd5 3. Nc3 Qa5 4. g3 Nf6 5. Bg2 c6 6. d4 Bg4 7. Ne2 e6 8. h3
Bh5 9. O-O Bd6 10. Qe1 Qc7 11. Nf4 Bg6 12. Nxg6 hxg6 13. Bd2 Nbd7 14. Rd1 Nb6
15. Bc1 Nbd5 16. Ne4 Nxe4 17. Qxe4 O-O 18. c4 Nf6 19. Qe2 Rad8 20. b3 Qa5 21.
Qc2 Rd7 22. Rd3 Rfd8 23. Rfd1 Bb4 24. Bb2 Qh5 25. a3 Bf8 26. Qc1 e5 27. g4 Qh4
28. Qc2 e4 29. Re3 Re8 30. c5 Rde7 31. Rde1 Nd5 32. Rxe4 Nf4 33. Rxe7 Rxe7 34.
Rxe7 Bxe7 35. Qe4 1-0

[Event "ch-RUS Rapid Women"]
[Site "Olginka RUS"]
[Date "2011.04.25"]
[Round "3"]
[White "Sukhareva, Valentina"]
[Black "Semenova, Elena"]
[Result "0-1"]
[BlackTitle "WFM"]
[WhiteElo "1936"]
[BlackElo "2170"]
[WhiteFideId "4162331"]
[BlackFideId "24125148"]
[EventDate "2011.04.25"]

1. d4 f5 2. c4 Nf6 3. Nc3 g6 4. f3 e6 5. e4 fxe4 6. fxe4 Bb4 7. Bg5 h6 8. Bxf6
Qxf6 9. Nf3 Nc6 10. Qd2 e5 11. dxe5 Nxe5 12. O-O-O d6 13. Be2 Be6 14. Rhf1 Nxf3
15. Rxf3 Qe5 16. a3 Ba5 17. Qc2 Bxc3 18. Rxc3 O-O-O 19. g3 Rhf8 20. Rf3 Rxf3 21.
Bxf3 Rf8 22. Bg2 Qc5 23. Kb1 Qxc4 24. Qxc4 Bxc4 25. Rd2 Re8 26. Kc2 Bb5 27. Rf2
Kd7 28. Rf7+ Re7 29. Rf6 d5 30. Bh3+ Ke8 31. Rxg6 dxe4 32. Kd2 e3+ 33. Ke1 Re5
34. Rxh6 Ke7 35. Bg2 e2 36. Rh4 Rf5 37. Rf4 Rc5 38. Re4+ Kf6 39. Rxe2 Bxe2 40.
Kxe2 Rc2+ 41. Kf3 Rxb2 42. Bh1 c5 43. h4 c4 44. Ke3 Rh2 45. Bxb7 c3 46. g4 c2
47. g5+ Ke5 0-1

[Event "ch-RUS Rapid Women"]
[Site "Olginka RUS"]
[Date "2011.04.25"]
[Round "4"]
[White "Gunina, Valentina"]
[Black "Sukhareva, Evgeniya"]
[Result "1-0"]
[WhiteTitle "WGM"]
[WhiteElo "2472"]
[BlackElo "2180"]
[WhiteFideId "4167570"]
[BlackFideId "4167155"]
[EventDate "2011.04.25"]

1. d4 d5 2. c4 e6 3. Nc3 c6 4. e4 dxe4 5. Nxe4 Bb4+ 6. Bd2 Qxd4 7. Bxb4 Qxe4+ 8.
Be2 Na6 9. Bc3 f6 10. Nf3 Ne7 11. O-O Qf4 12. g3 Qc7 13. Qc2 O-O 14. Bd3 h6 15.
Nh4 Bd7 16. Rae1 Rad8 17. Qe2 c5 18. Bb1 Nb8 19. Qh5 f5 20. f4 Nbc6 21. Nf3 Be8
22. Qh3 Bf7 23. g4 Nd4 24. Ne5 Nec6 25. gxf5 exf5 26. Rf2 Nxe5 27. fxe5 Be6 28.
Rg2 Qf7 29. Kf2 f4 30. Qxh6 f3 31. Qh7# 1-0

[Event "ch-RUS Rapid Women"]
[Site "Olginka RUS"]
[Date "2011.04.25"]
[Round "4"]
[White "Kovanova, Baira"]
[Black "Zaiatz, Elena"]
[Result "1-0"]
[WhiteTitle "WGM"]
[BlackTitle "IM"]
[WhiteElo "2376"]
[BlackElo "2426"]
[WhiteFideId "4164083"]
[BlackFideId "4139518"]
[EventDate "2011.04.25"]

1. e4 e5 2. Nf3 Nc6 3. Bb5 a6 4. Ba4 Nf6 5. O-O Be7 6. d3 b5 7. Bb3 d6 8. c3 O-O
9. h3 Na5 10. Bc2 c5 11. Re1 Nc6 12. Bg5 Be6 13. Nbd2 h6 14. Bh4 Nd7 15. Bg3 Kh8
16. d4 cxd4 17. cxd4 exd4 18. Nb3 Rc8 19. Nbxd4 Nxd4 20. Nxd4 Qb6 21. Nxe6 fxe6
22. Rc1 Bg5 23. Rb1 Bf4 24. Bxf4 Rxf4 25. Qd2 Rcf8 26. Re2 Ne5 27. Rd1 Nf7 28.
Qxf4 1-0